=LDR 00000nam 2200000 4500 =001 INLIS000000000018533 =005 20210315105759 =035 ##$$a 0010-061300000018533 =008 210315################g##########0#ind## =041 ##$$a ind =082 ##$$a 310 =090 ##$$a 310, Man s =100 ##$$a Mangkuatmojo, Sugyarto =245 1#$$a Statistik lanjutan /$c Prof. Drs. Soegyarto Mangkuatmodjo =260 ##$$a Jakarta :$b Rineka Cipta,$c 2004 =300 ##$$a x. 380 hlm. : $b ilus ; $c 23 x 14 cm. =650 #4$$a Statistik =850 ##$$a NBPNMAT =020 ##$$a 979-518-444-X =084 ##$$a 310 MAN s =250 ##$$a cet. 1 =504 ##$$a Bibliografi :hlm.380 =990 ##$$a 10606787 =990 ##$$a 20610830 =990 ##$$a 20610839 =990 ##$$a 20610838 =990 ##$$a 30701047 =990 ##$$a 30701047 =990 ##$$a 10606787 =990 ##$$a 20610830 =990 ##$$a 20610839 =990 ##$$a 20610838